Arizona County Seats - Statistics

General Stats
  • This quiz has been taken 9 times
  • The average score is 12 of 15
Answer Stats
County County Seat % Correct
Coconino Flagstaff
100%
Maricopa Phoenix
100%
Yavapai Prescott
100%
Pima Tucson
100%
Yuma Yuma
100%
Gila Globe
88%
Santa Cruz Nogales
88%
Cochise Bisbee
75%
Pinal Florence
75%
Mohave Kingman
75%
Navajo Holbrook
63%
La Paz Parker
63%
Graham Safford
63%
Apache St. Johns
63%
Greenlee Clifton
50%
No matching quizzes found
Score Distribution
Percent of People with Each Score
Percentile by Number Answered
Your Score History
You have not taken this quiz